00689 2200181 4500001002100000005001700021008004100038035002400079082001000103090001900113100001900132245013000151260011400281300004600395504003000441650001800471990001800489YOGYA-0313000000035420130315093853.0 ind  0010-031300000000354 a351.2 aSK 351.2 Sig P aSIGIT DERMAWAN aPeranan Kantor Catatan Sipil dalam menerbitkan akta kelahiran dan pelayanan terhadap masyarakatcdisusun oleh Sigit Dermawan. bYogyakarta: Jurusan Ilmu Sosiatri Jenjang Program S1 Sekolah Tinggi Pembangunan Masyarakat Desa "APMD"c1999. aXI, 81, (17) lbr.:bilus., lamp.;c29 cm. aBibliografi: (lbr. 82-83) aCatatan sipil a44796-PD/A.12